| 000 | 00779nam a2200229 a 4500 | ||
|---|---|---|---|
| 001 | 43917 | ||
| 003 | BD-RjUL | ||
| 005 | 20211209053754.0 | ||
| 008 | 160629s1972 bg ||||| |||| 00| 0 ben d | ||
| 035 | _a(BD-RjUL)44035 | ||
| 040 |
_aBD-RjUL _bben _cBD-RjUL |
||
| 041 | _aben | ||
| 082 |
_223 _a370.15 _bGHS 1972 |
||
| 100 |
_aঘোষ, অরুণ _9117679 |
||
| 245 |
_aশিক্ষাবিজ্ঞানের মূলতত্ত্ব / _cঅরুণ ঘোষ |
||
| 250 | _a১০ সং. | ||
| 260 |
_aরাজশাহী : _c১৯৭২ |
||
| 300 |
_a[১২], ৫৮৬ পৃ. : _bচিত্র ; _c২১ সেমি. |
||
| 650 |
_aশিক্ষা বিজ্ঞান _9134936 |
||
| 650 |
_aEducation Science _9134937 |
||
| 942 |
_2ddc _cBK |
||
| 999 |
_c43917 _d43917 |
||